000
00275nam a22001217a 4500
041
_a
ENG
100
_a
B,H Deshmukh
245
_a
A Text Book Of Electrical Technology
260
_a
Delhi
_b
Nirali Prakashan
_c
1998
300
_a
545
650
_a
EOES (14 )
856
_u
EOES
999
_c
2682
_d
2682